Redoxné stavy koenzýmu Q10: ich biologická aktivita a antioxidačný potenciál bakalárska práca

Uložené v:
Podrobná bibliografia
Hlavný autor: Karasová, Natália
Médium: Kniha
Jazyk:Slovak
Vydavateľské údaje: Bratislava STU FCHPT 2019
On-line prístup:View in OPAC
Tagy: Pridať tag
Žiadne tagy, Buďte prvý, kto otaguje tento záznam!

MARC

LEADER 00000nam a2200000 a 4500
005 20260127134348.0
008 190828 2019 xo a 001 0 slo d
035 |a vtls011884081 
039 9 |y 201908281248  |z mschk03 
040 |a STUSCHK1  |b slo  |c STUSCHK1  |e AACR2 
100 1 |a Karasová, Natália 
245 1 |a Redoxné stavy koenzýmu Q10: ich biologická aktivita a antioxidačný potenciál  |b bakalárska práca  |c Natália Karasová 
260 |a Bratislava  |b STU FCHPT  |c 2019 
300 |a 44 s.  |b Obr., tab., grafy  |c 25 cm 
500 |a Študijný program: potraviny, kozmetika, výživa 
500 |a Študijný odbor: potravinárstvo 
500 |a Školiace pracovisko: Ústav potravinárstva a výživy 
500 |a Evid. číslo: FCHPT-104560-87007 
910 |a SCHK95 
999 |c 10840  |d 10840